Bayesian inference in statistical analysis / (Record no. 69893)
[ view plain ]
| 000 -LEADER | |
|---|---|
| fixed length control field | 00995nam a2200289 a 4500 |
| 001 - CONTROL NUMBER | |
| control field | 69893 |
| 003 - CONTROL NUMBER IDENTIFIER | |
| rucl marc code | BD-RjUL |
| 005 - DATE AND TIME OF LATEST TRANSACTION | |
| control field | 20211209081934.0 |
| 008 - FIXED-LENGTH DATA ELEMENTS--GENERAL INFORMATION | |
| fixed length control field | 170415r19921973nyua b 001 0 eng d |
| 020 ## - INTERNATIONAL STANDARD BOOK NUMBER | |
| International Standard Book Number | 0471574287 |
| 035 ## - SYSTEM CONTROL NUMBER | |
| System control number | (BD-RjUL)70105 |
| 040 ## - CATALOGING SOURCE | |
| Original cataloging agency | BD-RjUL |
| Language of cataloging | eng |
| Transcribing agency | BD-RjUL |
| Modifying agency | BD-RjUL |
| 041 ## - LANGUAGE CODE | |
| Language code of text/sound track or separate title | eng |
| 082 ## - DEWEY DECIMAL CLASSIFICATION NUMBER | |
| Edition number | 23 |
| Classification number | 519.54 |
| Author mark and year | BOB 1993 |
| 100 1# - MAIN ENTRY--PERSONAL NAME | |
| Personal name | Box, George E. P. |
| 9 (RLIN) | 153891 |
| 245 10 - TITLE STATEMENT | |
| Title | Bayesian inference in statistical analysis / |
| Statement of responsibility, etc. | George E.P. Box and George C. Tiao |
| 250 ## - EDITION STATEMENT | |
| Edition statement | Wiley classics library ed. |
| 260 ## - PUBLICATION, DISTRIBUTION, ETC. (IMPRINT) | |
| Place of publication, distribution, etc. | New York ; |
| -- | Chichester : |
| Name of publisher, distributor, etc. | Wiley & Sons, |
| Date of publication, distribution, etc. | c1992. |
| 300 ## - PHYSICAL DESCRIPTION | |
| Pagination | xviii, 588 p. : |
| Illustrations | ill. ; |
| Size | 23 cm |
| 500 ## - GENERAL NOTE | |
| General note | "Originally published: Reading, Mass. : Addison-Wesley Pub. Co., c1973" - T.p. verso |
| 504 ## - BIBLIOGRAPHY, ETC. NOTE | |
| Bibliography, etc | Includes bibliographical references and indexes |
| 650 #0 - SUBJECT ADDED ENTRY--TOPICAL TERM | |
| Topical term or geographic name as entry element | Mathematical statistics |
| 9 (RLIN) | 206993 |
| 700 1# - ADDED ENTRY--PERSONAL NAME | |
| Personal name | Tiao, George C. |
| 830 #0 - SERIES ADDED ENTRY--UNIFORM TITLE | |
| Uniform title | Wiley-Interscience publication |
| 942 ## - ADDED ENTRY ELEMENTS (KOHA) | |
| Source of classification or shelving scheme | Dewey Decimal Classification |
| Koha item type | Books |
| Lost status | Source of classification or shelving scheme | Damaged status | Not for loan | Collection code | Permanent Location | Current Location | Shelving location | Date acquired | Source of acquisition | Cost, normal purchase price | Total Checkouts | Full call number | Date last seen | Copy number | Koha item type |
|---|---|---|---|---|---|---|---|---|---|---|---|---|---|---|---|
| Dewey Decimal Classification | Not For Loan | Non-fiction | Central Library, University of Rajshahi | Central Library, University of Rajshahi | Reading Room | 09/04/1997 | Syntex | 4335.66 | 519.54 BOB 1993 | 15/04/2017 | C-1 | Books |